Tampa Bay Buccaneers Head Coaches - Statistics

General Stats
  • This quiz has been taken 64 times
    38 since last reset
  • The average score is 8 of 13
Answer Stats
Era Hint Answer % Correct
Tampa Bay Buccaneers 2019-2021 Bruce Arians
96%
Tampa Bay Buccaneers 2002-2008 Jon Gruden
89%
Tampa Bay Buccaneers 2022-present Todd Bowles
86%
Tampa Bay Buccaneers 1996-2001 Tony Dungy
79%
Tampa Bay Buccaneers 2012-2013 Greg Schiano
64%
Tampa Bay Buccaneers 1976-1984 John McKay
64%
Tampa Bay Buccaneers 2014-2015 Lovie Smith
64%
Tampa Bay Buccaneers 2016-2018 Dirk Koetter
61%
Tampa Bay Buccaneers 2009-2011 Raheem Morris
61%
Tampa Bay Buccaneers 1992-1995 Sam Wyche
54%
Tampa Bay Buccaneers 1985-1986 Leeman Bennett
36%
Tampa Bay Buccaneers 1990-1991 Richard Williamson
32%
Tampa Bay Buccaneers 1987-1990 Ray Perkins
29%
No matching quizzes found
Score Distribution
Percent of People with Each Score
Percentile by Number Answered
Your Score History
You have not taken this quiz since the last reset